000 01364cam a22003374i 4500
003 PE-LiUPU
005 20250731175631.0
008 150625s r 000 0 d
035 _a(Sirsi) a30492
040 _aPE-LiUPU
_bspa
_cPE-LiUPU
_erda
082 0 4 _a480
_bV77
_221
110 2 _aEdelvives
245 1 0 _aLengua Griega.
_n2.
264 1 _a
300 _a76 páginas ;
_c23 cm.
336 _atext
_2rdacontent
337 _aunmediated
_2rdamedia
338 _avolume
_2rdacarrier
505 0 _aSintaxis. -Estructura de la oración simple. -El valor de los casos griegos. - Estudio general del verbo. - Modos y tiempos del verbo en la oración simple independiente. - Las formas nominales del verbo. - Ejercicios de traducción. - San Juan Crisontómo. - Jefonte. -Platón. - Demóstenes. - anacreonte. - Homero.
526 _aP145
526 _aP127
526 _aP97
526 _aP35
526 _aP14
526 _aP07
942 _2ddc
_cBOOK
949 _a480 V77 2
_wDEWEY
_c1
_i09468
_lCCODEBUL1
_mBUL
_p00.00
_r0
_sY
_tBOOK
_u2015-06-25
_xBIBLIOTECA
_zUNKNOWN
_0COMPRA
_o.STAFF. Colección General
596 _a1
999 _a480 V77 2
_wDEWEY
_c37942
_i09468
_d37942
_f2021-11-12
_g5
_lCCODEBUL1
_mBUL
_q2
_r0
_sY
_tBOOK
_u2015-6-25
_xTEOLOGIA
_zUNKNOWN
_0COMPRA
_o.STAFF. Colección General
980 _81
_gALBERTO SANCHEZ Responsable de Automatización